| 000 | 00882nam a2200205 4500 | ||
|---|---|---|---|
| 005 | 20260511143604.0 | ||
| 008 | 260511b |||||||| |||| 00| 0 eng d | ||
| 040 | _cCRL | ||
| 041 | _aਪੰਜਾਬੀ | ||
| 100 |
_aਸਿੰਘ, ਸੁਖਵਿੰਦਰ _91238948 |
||
| 245 |
_aਪੰਜਾਬੀ ਦੇ ਦਲਿਤ ਅਤੇ ਗੈਰ ਦਲਿਤ ਕਹਾਣੀਕਾਰ ਦੁਵਰ ਰਚਿਤ ਕਹਾਣੀਆਂ ਵਿੱਚ ਦਲਿਤ ਚੇਤਨਾ: _bਤੁਲਨਾਤਮਿਕ ਅਧਿਐਨ |
||
| 260 |
_aDelhi, _bUniversity of Delhi: _c2025. |
||
| 300 | _a307 ਪ. | ||
| 502 |
_bPh.D. _cUniversity of Delhi |
||
| 650 |
_aਪੰਜਾਬੀ ਲਿਟ੍ਰੇਚਰ _91238939 |
||
| 700 | _aਥਾਪਰ, ਪ੍ਰਿਥਵੀ ਰਾਜ | ||
| 710 |
_bDepartment of Punjabi, University of Delhi. _91238985 |
||
| 942 | _cTH | ||
| 999 |
_c1851188 _d1851188 |
||